Quick Pick: 'Harry Potter' DADA Professors Quiz Stats

 Plays Quiz Updated Jun 21, 2017

     
Support Sporcle.
Go Orange.
Score 0/7 Timer 01:00
0 Plays Today
% Correct
Quirinus Quirrell
93.2%
Gilderoy Lockhart
90.1%
Alastor 'Mad-Eye' Moody
88%
Remus Lupin
87.9%
Dolores Umbridge
85.8%
Amycus Carrow
84.1%
Severus Snape
82.6%

Today's Daily Dose

From the Vault

Name the Toy (A-Z)

by sproutcm

Gaming 5m
For some people, toys are more fun when they're alphabetical.
Remove Ads.
Support Sporcle.
Get the best of Sporcle when you Go Orange. This ad-free experience offers more features, more stats, and more fun while also helping to support Sporcle. Thank you for becoming a member.

Show Comments

Extras

Top Quizzes Today


Score Distribution

Your Account Isn't Verified!

In order to create a playlist on Sporcle, you need to verify the email address you used during registration. Go to your Sporcle Settings to finish the process.

Report this User

Report this user for behavior that violates our Community Guidelines.

Details: